000 00617nam a2200181Ia 4500
008 220705s9999||||xx |||||||||||||| ||und||
020 _a978-3-030-97496-1
020 _a978-3-030-97497-8
040 _cSpringer
041 _aENG
100 _a Sharon Wulfovich
100 _aKatarzyna Wac
245 0 _aOxygen Isotopes of Inorganic Phosphate in Environmental Samples
260 _bSpringer International Publishing
_c2022
650 _aEarth and Environmental Science
856 _fhttps://doi.org/10.1007/978-3-030-97497-8
_uhttps://link.springer.com/openurl?genre=book&isbn=978-3-030-97497-8
942 _cEBK
999 _c77403
_d77403